Catholic University of Zimbabwe Library
Online Public Access Catalogue
(OPAC)

Living sociology; (Record no. 44695)

MARC details
000 -LEADER
fixed length control field 00744cam a2200241 4500
001 - CONTROL NUMBER
control field 4570868
008 - FIXED-LENGTH DATA ELEMENTS--GENERAL INFORMATION
fixed length control field 740823s1974 nyu b 001 0 eng
010 ## - LIBRARY OF CONGRESS CONTROL NUMBER
LC control number 74075422
020 ## - INTERNATIONAL STANDARD BOOK NUMBER
International Standard Book Number 0679302522
040 ## - CATALOGING SOURCE
Original cataloging agency DLC
Transcribing agency CUZ
Modifying agency CUZ
Language of cataloging eng
Description conventions rda
050 00 - LIBRARY OF CONGRESS CALL NUMBER
Classification number HM51
Item number WEI
100 1# - MAIN ENTRY--PERSONAL NAME
Personal name Weinstein, Deena.
245 10 - TITLE STATEMENT
Title Living sociology;
Remainder of title a critical introduction
Statement of responsibility, etc. [by] Deena Weinstein [and] Michael A. Weinstein.
264 ## - PRODUCTION, PUBLICATION, DISTRIBUTION, MANUFACTURE, AND COPYRIGHT NOTICE
Place of production, publication, distribution, manufacture New York,
Name of producer, publisher, distributor, manufacturer McKay
Date of production, publication, distribution, manufacture, or copyright notice [1974]
300 ## - PHYSICAL DESCRIPTION
Extent xix, 488 pages.
Dimensions 23 cm.
650 #0 - SUBJECT ADDED ENTRY--TOPICAL TERM
Topical term or geographic name entry element Sociology.
942 ## - ADDED ENTRY ELEMENTS (KOHA)
Koha item type OS Book
336 ## - CONTENT TYPE
Content type term text
Content type code txt
337 ## - MEDIA TYPE
Media type term unmediated
Media type code n
338 ## - CARRIER TYPE
Source rdacarrier
Holdings
Withdrawn status Lost status Source of classification or shelving scheme Damaged status Not for loan Collection code Home library Current library Shelving location Date acquired Source of acquisition Inventory number Total Checkouts Full call number Barcode Date last seen Price effective from Koha item type
          Non-fiction CUZ Harare Campus CUZ Harare Campus Open Shelf 30.05.2023 Donation CUZ15680   HM51 WEI BK009628 22.05.2025 30.05.2023 OS Book

OPENING HOURS

Weekdays: 0815hrs - 1800hrs
Weekends:0900hrs - 1200hrs

Closed for Mass:

Mon, Thur: 1200hrs - 1300hrs
Sunday & Public Holiday’s

CALL SUPPORT

0242-570570, 0242-570169
09200664, +263 8644140602

LOCATION

18443, Cranborne Avenue, Hatfield, Harare

Other Links


©2021 | CUZ Library